01481cam a22004094i 4500003000900000005001700009008004100026020001800067035002000085040003300105049000900138082001500147100002700162245006200189264004400251300003700295336002000332337002400352338002200376505014900398526001000547526001000557526001000567526001000577526000800587526000800595526000800603526000800611526000800619526000800627526000800635596000600643942001400649999017300663980005500836952018000891PE-LiUPU20250731172856.0160920s1990 xxu r 000 0 spa d a9781943507009 a(Sirsi) a163624 aPE-LiUPUbspacPE-LiUPUerda aPRUA04a269.2bL981 aLuppens, John,eautor.10aNew york City a simbol /cJohn Luppens, Ripples Ministry.1 aEE.UU :bGLOBAL MISSION CENTERS,c1990. a99 páginas ;c20 centímetros text2rdacontent unmediated2rdamedia volume2rdacarrier0 aForeword -- Introduction -- Endorsements -- Divine Counsels About New York City: 1848-1901 -- Implementing The VIsion about New York City: 1902. aSEG42 aSEG41 aSEG40 aSEG39 aP94 aP87 aP86 aP85 aP77 aP76 aP35 a1 2ddccBOOK a269.2 L98wDEWEYc12488i74491d12488e2016-11-17f2021-11-10g5lCCODEBUL1mBULn1p10.00r0sYtBOOKu2016-9-20xTEOLOGIAPP350COMPRAo.STAFF. Colección Teología 81gALBERTO SANCHEZ Responsable de Automatización r2025-12-02 00:00:00i6l2o269.2 L98p74491s2023-05-25te1v15.00w2016-09-20xFTyBKzinventario-2023-12-13102ddc50708GENfP35aBULbBULcGENd2016-09-20eCOMPRAg10.00